=LDR 00000nam 2200000 4500 =001 INLIS000000000036698 =005 20130612142452 =008 ***********************************Ind** =035 ##$$0010-061300000036698 =041 ##$$a Ind =082 ##$$a 641.5 =090 ##$$a 641.5, Bah e =100 ##$$a Bahalwan, Fatmah =245 ##$$a 60 resep masakan favorit antigagal, Fatmah Bahawan ; editor, Intarina Hardiman =260 ##$$a 2011 $b Jakarta =300 ##$$a 149 hlm, ilus, 23 cm =650 ##$$a Masakan-resep =700 ##$$a Hardiman, Intarina =850 ##$$a NBPNMAT